00278nam a2200097Ia 4500008004100000082001800041100001800059245006400077260002900141300001000170210430s9999 xx 000 0 und d a620.11 C426 T aShashi Chawla 2aA Textbook of Materials Science &EngineeringcShashi Chawla aDelhibGagan Kapurc2011 a372 p